20 most followed Twitter accounts 2021 - Statistics

General Stats
  • This quiz has been taken 7 times
  • The average score is 6 of 20
Answer Stats
Answer % Correct
Justin Bieber
83%
Cristiano Ronaldo
67%
Lady Gaga
67%
Selena Gomez
67%
Barack Obama
50%
Kim Kardashian
50%
Taylor Swift
50%
Bill Gates
33%
Twitter
33%
Ariana Grande
17%
Katy Perry
17%
Rihanna
17%
Shakira
17%
Britney Spears
0%
CNN Breaking News
0%
Demi Lovato
0%
Justin Timberlake
0%
Narendra Modi
0%
The Ellen Show
0%
Youtube
0%
No matching quizzes found
Score Distribution
Percent of People with Each Score
Percentile by Number Answered
Your Score History
You have not taken this quiz